|
|
|
|
| LEADER |
00859cam a2200241 7i4500 |
| 001 |
0000029374 |
| 005 |
20170218090000.0 |
| 008 |
100819 eng |
| 020 |
|
|
|a 0073385026 (pbk.)
|
| 020 |
|
|
|a 9780073385020 (pbk.)
|
| 040 |
|
|
|a DLC
|
| 090 |
0 |
0 |
|a P90
|b .G75 2009
|
| 100 |
1 |
|
|a Griffin, Emory A
|
| 245 |
1 |
2 |
|a A first look at communication theory
|c Em Griffin.
|
| 250 |
|
|
|a 7th ed.
|
| 260 |
|
|
|a New York:
|b McGraw-Hill,
|c 2009.
|
| 300 |
|
|
|a xv, 486 p.:
|b ill.;
|c 25 cm.
|
| 500 |
|
|
|a Includes bibliographical references and index
|
| 650 |
0 |
0 |
|a Communication --
|x Philosophy
|
| 997 |
|
|
|a Communication, Visual Art & Computing, Faculty
|b Communication, Department
|
| 998 |
|
|
|a Communication (Journalism), Degree
|
| 998 |
|
|
|a Communication (Corporate Communication), Degree
|
| 999 |
|
|
|a 0000045833
|b BOK
|c OPEN SHELF
|e 1st Floor, Bestari Jaya
|